|
|
|
|
| LEADER |
00705nab a2200181 i 4500 |
| 001 |
acta849 |
| 005 |
20210420135848.0 |
| 008 |
161015s1966 hu o 0|| hun d |
| 022 |
|
|
|a 0586-3708
|
| 040 |
|
|
|a SZTE Egyetemi Kiadványok Repozitórium
|b hun
|
| 041 |
|
|
|a hun
|
| 100 |
1 |
|
|a Kovács Sándor Iván
|
| 245 |
1 |
0 |
|a Dante neve százötven év magyar irodalmában
|h [elektronikus dokumentum] :
|b 1521-1664 /
|c Kovács Sándor Iván
|
| 260 |
|
|
|c 1966
|
| 300 |
|
|
|a 23-41
|
| 490 |
0 |
|
|a Acta historiae litterarum hungaricarum
|v 6
|
| 695 |
|
|
|a Dante Alighieri, Irodalmi kapcsolatok olasz magyar 16-17. sz., Irodalomtudomány
|
| 856 |
4 |
0 |
|u http://acta.bibl.u-szeged.hu/849/1/hist_litt_hung_006_023_041.pdf
|z Dokumentum-elérés
|